000 00575nam a2200193Ia 4500
008 151121s9999||||xx |||||||||||||| ||und||
082 _a833 /शुक्ल
082 _bHNW-64656
100 _aशुक्ल प्रयाग
245 _aकल और आज
260 _b"आधार प्रकाशन, पंचकुला"
260 _c--
300 _a107
600 _aशुक्ल प्रयाग
630 _aकल और आज
700 _aशुक्ल प्रयाग
730 _aकल और आज
942 _cBOOK
999 _c1246182
_d1246179